00425nam a2200181Ia 4500003000900000008004100009040001300050040001300063041000800076100002100084245004400105250001200149260001500161260000900176300000800185490004300193490000700236IT-RoPAU120407s9999 xx 000 0 und d aIT-RoPAU cIT-RoPAU aita aEugen Drewermann aPSICANALISI E TEOLOGIA MORALE. 2a ediz aBrescia aQueriniana c1993 c cm aBiblioteca di Teologia Contemporanea  v70